Bubeník kovačicko-padinské noviny

Bibliographic Details
Format: Serial
Language:Slovak
PhysicalDescription:2 zv. 31 cm
Published: Kovačica Literárno-umelecký spolok Tibiscus 1998-1999
Kovačica Spolok občanov Bubeník
Subjects:

MARC

LEADER 00000cas a2200000 a 4500
001 vtls009495426
003 SK-MaSNL
005 20260228155943.0
008 090424d19981999rb mr 0 0slo d
040 |a SNK  |b slo  |c SNK  |e AACR2 
041 0 |a slo 
044 |a rb  |c RS 
072 7 |a 82  |x Literatúra. Literárny život  |2 konspekt 
072 7 |a 323  |x Vnútropolitický vývoj, politický život  |2 konspekt 
080 |a 314.15-026.49(051)+(054)  |2 2011 
080 |a 82-026.12  |2 2011 
080 |a 323.15  |2 2011 
080 |a (=162.4)  |2 2011 
080 |a 050  |2 2011 
245 0 0 |a Bubeník  |b kovačicko-padinské noviny 
260 |a Kovačica  |b Literárno-umelecký spolok Tibiscus  |c 1998-1999 
260 3 |3 4/1998-1999  |a Kovačica  |b Spolok občanov Bubeník 
300 |a 2 zv.  |c 31 cm 
310 |a 24x ročne 
362 0 |a Roč. 1, č. 1 (sept. 1998)-roč. 2, č. 8 (marec 1999)  |z SKP 
525 |a Príloha časopisu: Tibuscus = ISSN 0354-3080 
650 0 7 |a literárna činnosť  |2 SNKPH  |9 67286 
650 0 7 |a Slováci v zahraničí  |2 SNKPH  |9 14695 
655 7 |a krajanské periodiká  |2 SNKPH  |9 110004 
710 2 |a Literárno-umelecký spolok Tibiscus (Kovačica, Juhoslávia)  |4 pbl  |9 265661 
770 |t Tibiscus 
910 |a snk 
999 |c 989  |d 989 
952 |0 0  |1 0  |4 0  |7 0  |8 2  |a SNK  |b SNK  |d 2009-04-24  |i snk2002/1146  |l 0  |o snkČSB 5178/1/1998  |p 17A0616774  |r 2026-02-21 19:42:02  |w 2026-02-21  |y PREZ